Normal view
MARC view
Entry Personal Name
001 - CONTROL NUMBER
- control field: 13379
003 - CONTROL NUMBER IDENTIFIER
- control field: BD-RjUL
005 - DATE AND TIME OF LATEST TRANSACTION
- control field: 20240627151113.0
008 - FIXED-LENGTH DATA ELEMENTS
- fixed length control field: 240627|| aca||aabn | a|a d
040 ## - CATALOGING SOURCE
- Original cataloging agency: BD-RjUL
- Transcribing agency: BD-RjUL
100 ## - HEADING--PERSONAL NAME
- Personal name: BAHADUR, MD. MANIRUZZAMAN
670 ## - SOURCE DATA FOUND
- Source citation: Work cat.: (BD-RjUL)83932: BAHADUR, MD. MANIRUZZAMAN, PHYSIOLOGICAL ATTRIBUTES AND THEIR RELATIONSHIP TO YIELD OF BARLEY (Hordeum vulgare L.) AS AFFECTED BY IRRIGATION AND SOWING TIME /, 2008